00370nam a2200145Ia 4500008004100000020001500041041000800056082002100064100004000085245003600125250000600161260003200167300001100199650001400210210716s2008 xx 000 0 und d a0849390524 aeng a658.8700687 AYEJ aAyers, James B; Odegaard, Mary Ann. aRetail supply chain management. a1 bAuerbach Publicationsc2008 axx,426 aRetailing